Statistics for i wish i hated you - Ariana Grande (lyrics)

Click here to take the quiz!

General Stats

  • This quiz has been taken 36 times
  • The average score is 199 of 206

Answer Stats

Answer% Correct
a
100%
and
100%
And
100%
be
100%
brings
100%
But
100%
could
100%
did
100%
easy
100%
feel
100%
guilty
100%
hated
100%
how
100%
I
100%
if
100%
If
100%
it
100%
life
100%
matter
100%
me
100%
memories
100%
my
100%
no
100%
Our
100%
our
100%
rearrange
100%
still
100%
the
100%
to
100%
true
100%
try
100%
want
100%
we
100%
were
100%
weren't
100%
Wish
100%
wish
100%
Yeah,
100%
you
100%
all
95%
close
95%
close)
95%
closet
95%
Hoping
95%
Hung
95%
in
95%
new
95%
pain
95%
plane
95%
rewrite
95%
saying
95%
shoes
95%
them
95%
things
95%
was
95%
way
95%
Your
95%
your
95%
boxes,
90%
clothes
90%
learn
90%
made
90%
parallel
90%
send
90%
shadows
90%
so
90%
So
90%
(So
90%
that
90%
there
90%
worse
90%
Just
85%
keep
85%
one
85%
yet
85%
far)
80%
far
80%
start
80%
different
75%
endings,
75%
from
75%
place
75%
two
75%
dance
70%
had
70%
known
70%
only
70%
repair
70%

Score Distribution

Percentile by Number Answered

Percent of People with Each Score

Your Score History

You have not taken this quiz